000 00598nam a22002057a 4500
003 OSt
005 20140310182828.0
008 130530t xxu||||| |||| 00| 0 eng d
020 _a971511055X
050 _aBV 4501.3
_b.C554 1985
082 _aM 248.4
_bC46 1985
245 _aThe renewed mind
_bHow to become the kind of person you really want to be
_cChristenson, Larry
260 _aMandaluyong, Metro Manila
_bBethany Fellowship, Inc.
_cc1985
300 _a140 p.
_c18 cm.
521 _aCollege students
526 _c1210L-1700L
541 _j1
562 _e1
942 _2lcc
_cBK
_kM
999 _c16540
_d16540